Fr. Conceicao Rodrigues College of Engineering

Supply chain Management:Strategy (Record no. 24808)

MARC details
000 -LEADER
fixed length control field 00419nam a2200181Ia 4500
082 ## - DEWEY DECIMAL CLASSIFICATION NUMBER
Classification number 658.5
Item number CHO
100 ## - MAIN ENTRY--PERSONAL NAME
Personal name Chopra/Sunil/ Meind P
250 ## - EDITION STATEMENT
Edition statement 5
245 ## - TITLE STATEMENT
Title Supply chain Management:Strategy
260 ## - PUBLICATION, DISTRIBUTION, ETC.
Name of publisher, distributor, etc. Pearson Education
Date of publication, distribution, etc. 2013
366 ## - TRADE AVAILABILITY INFORMATION
Publishers's discount category 23
300 ## - PHYSICAL DESCRIPTION
Extent 557
546 ## - LANGUAGE NOTE
Language note ENGLISH
-- Info.Tech
650 ## - SUBJECT ADDED ENTRY--TOPICAL TERM
Topical term or geographic name entry element Sppply chain Management
654 ## - SUBJECT ADDED ENTRY--FACETED TOPICAL TERMS
Focus term supply chain management
942 ## - ADDED ENTRY ELEMENTS (KOHA)
Koha item type BOOK
Holdings
Withdrawn status Lost status Damaged status Not for loan Collection Home library Current library Date acquired Source of acquisition Cost, normal purchase price Inventory number Total Checkouts Total Renewals Full call number Barcode Date last seen Date last checked out Cost, replacement price Price effective from Koha item type
        CRC Fr. Agnel's C.Rodrigues College of Engineering Fr. Agnel's C.Rodrigues- College of Engineering 17/03/2023 Book Base 381.15 12058 dt 15/01/2013 1 1 658.5 CHO 22423 13/09/2024 15/07/2024 495.00   BOOK